000
00280nam a22001217a 4500
008
180606b xxu||||| |||| 00| 0 eng d
041
_a
eng
080
_a
043.3
100
_a
0
101
_a
MBE-BA
245
_a
Investimet e huaja direkte ne Kosove
_c
Hoxha, M.J
942
_2
udc
_c
BK
999
_c
46474
_d
46474